[Event "TUR Cup"]
[Site "Denizli"]
[Date "2023.07.20"]
[Round "7"]
[White "Akti, Ezgi"]
[Black "Catal, Uktenur"]
[Result "0-1"]
[WhiteElo "1789"]
[BlackElo "1830"]
[PlyCount "94"]
[EventDate "2023.07.16"]
[EventType "team-tourn"]
[EventRounds "9"]
[EventCountry "TUR"]
[SourceTitle "CBM 215 Extra"]
[Source "ChessBase"]
[SourceDate "2023.09.30"]
[SourceVersion "1"]
[SourceVersionDate "2023.09.30"]
[SourceQuality "1"]

1. d4 Nf6 2. Nf3 e6 3. g3 b6 4. Bg2 Bb7 5. 0-0 Be7 6. c4 0-0 7. Nc3 Ne4 8. Qc2 Nxc3 9. bxc3 f5 10. Ne5 Bxg2 11. Kxg2 d6 12. Nd3 Qd7 13. Qb3 c5 14. Rd1 Qb7+ 15. f3 Nc6 16. Nf4 Qc8 17. Qa4 g5 18. Nh3 h6 19. Be3 Rd8 20. Nf2 Qc7 21. d5 Na5 22. h4 gxh4 23. Bxh6 Bf6 24. Rh1 Qh7 25. Bd2 Qg7 26. g4 Bxc3 27. Bxc3 Qxc3 28. Rac1 Qe3 29. dxe6 fxg4 30. Nxg4 Qxe2+ 31. Nf2 Qd2 32. Rcg1 Kf8 33. Rxh4 Ke7 34. Rd1 Qe2 35. Rg4 Qb2 36. Re1 Qc3 37. Ree4 b5 38. cxb5 d5 39. Re2 Nc4 40. Nd1 Qd3 41. Rg7+ Kf6 42. Rf7+ Kg6 43. Re1 Qd2+ 44. Nf2 Rh8 45. Rd1 Rh2+ 46. Kg3 Qxf2+ 47. Kf4 Rh4# 0-1

[Event "TUR Cup"]
[Site "Denizli"]
[Date "2023.07.16"]
[Round "1"]
[White "Akgun, Hayrunnisa"]
[Black "Catal, Uktenur"]
[Result "0-1"]
[WhiteElo "1290"]
[BlackElo "1830"]
[PlyCount "62"]
[EventDate "2023.07.16"]
[EventType "team-tourn"]
[EventRounds "9"]
[EventCountry "TUR"]
[SourceTitle "CBM 215 Extra"]
[Source "ChessBase"]
[SourceDate "2023.09.30"]
[SourceVersion "1"]
[SourceVersionDate "2023.09.30"]
[SourceQuality "1"]

1. d4 c5 2. c3 Qc7 3. Nf3 Nf6 4. Bg5 d6 5. Nbd2 Nbd7 6. e3 g6 7. Bc4 Bg7 8. Qb3 0-0 9. Bxf6 exf6 10. 0-0 Rb8 11. Rfd1 b5 12. Be2 c4 13. Qc2 d5 14. e4 dxe4 15. Nxe4 f5 16. Ned2 Nb6 17. a3 Nd5 18. Nf1 Re8 19. Ne1 f4 20. Bf3 Bf5 21. Qc1 Nf6 22. Nc2 a5 23. h3 g5 24. Nh2 h5 25. Qd2 g4 26. hxg4 hxg4 27. Be2 Ne4 28. Qe1 g3 29. fxg3 Nxg3 30. Rd2 Bd3 31. Nf1 Nxe2+ 0-1

[Event "EU-ch (Women) 20th"]
[Site "Antalya"]
[Date "2019.04.21"]
[Round "10"]
[White "Narva, Triin"]
[Black "Catal, Uktenur"]
[Result "1-0"]
[WhiteElo "2129"]
[BlackElo "1820"]
[PlyCount "69"]
[EventDate "2019.04.11"]
[EventType "swiss"]
[EventRounds "11"]
[EventCountry "TUR"]
[SourceTitle "CBM 190"]
[Source "ChessBase"]
[SourceDate "2019.06.30"]
[SourceVersion "1"]
[SourceVersionDate "2019.06.30"]
[SourceQuality "1"]

1. e4 e6 2. d4 d5 3. Nd2 a6 4. Ngf3 c5 5. dxc5 Bxc5 6. Bd3 Nf6 7. 0-0 0-0 8. e5 Nfd7 9. Nb3 Be7 10. c3 Nc6 11. Re1 Re8 12. Nbd4 Nf8 13. Nxc6 bxc6 14. Nd4 Bd7 15. f4 c5 16. Nf3 c4 17. Bc2 Bc5+ 18. Kh1 Bc6 19. Be3 Bxe3 20. Rxe3 Ng6 21. Nd4 Bd7 22. Qh5 f5 23. Rh3 Nf8 24. g4 g6 25. Qh6 Kh8 26. Rg1 Qe7 27. Rhg3 Qg7 28. Qxg7+ Kxg7 29. gxf5 exf5 30. Bxf5 Kh8 31. Bxd7 Nxd7 32. Rh3 Nf8 33. f5 gxf5 34. Nxf5 Rxe5 35. Nh6 1-0

[Event "TUR-ch (Women)"]
[Site "Antalya"]
[Date "2019.03.08"]
[Round "8"]
[White "Catal, Uktenur"]
[Black "Gur, Tuba"]
[Result "1-0"]
[WhiteElo "1834"]
[BlackElo "1723"]
[PlyCount "123"]
[EventDate "2019.03.03"]
[EventType "swiss"]
[EventRounds "9"]
[EventCountry "TUR"]
[SourceTitle "CBM 189 Extra"]
[Source "ChessBase"]
[SourceDate "2019.06.03"]
[SourceVersion "1"]
[SourceVersionDate "2019.06.03"]
[SourceQuality "1"]

1. d4 d5 2. c4 e6 3. Nc3 Nf6 4. cxd5 exd5 5. Bg5 Be7 6. e3 0-0 7. Bd3 Nbd7 8. Qc2 Re8 9. Nge2 c6 10. f3 Nf8 11. 0-0 h6 12. Bh4 Qd7 13. Bf2 Qc7 14. Rac1 Be6 15. h3 a6 16. f4 Bd6 17. Bh4 N8h7 18. Bf2 Rac8 19. Na4 Bd7 20. Nc5 Re7 21. Nxd7 Qxd7 22. Bf5 Qe8 23. Bxc8 Qxc8 24. Ng3 Ne4 25. Nxe4 Rxe4 26. Rfe1 Nf6 27. Bh4 Nh7 28. a3 g5 29. Bf2 g4 30. hxg4 Qxg4 31. Qd1 Qg6 32. Bh4 Qe6 33. Qf3 f5 34. Kf2 Be7 35. Bxe7 Qxe7 36. Qh5 Qg7 37. Qxf5 Nf6 38. Kf3 Re7 39. Rc2 Ne4 40. Qg4 Qxg4+ 41. Kxg4 Rg7+ 42. Kh3 Rg3+ 43. Kh2 Kf7 44. Rce2 Kf6 45. Rf1 Kf5 46. Rf3 Rg6 47. Kg1 Nf6 48. Rf1 Ke4 49. f5 Rg5 50. Rf4+ Kd3 51. Re1 Kd2 52. Kf1 Rh5 53. Rf2+ Kd3 54. Kg1 Ne4 55. Rf3 Ng5 56. Rf4 Kd2 57. Ref1 Kxe3 58. f6 Nf7 59. R1f3+ Kd2 60. Rg3 Rg5 61. Rf2+ Kc1 62. Re3 1-0

[Event "TUR-ch (Women)"]
[Site "Antalya"]
[Date "2019.03.05"]
[Round "4"]
[White "Sen, Nehir"]
[Black "Catal, Uktenur"]
[Result "0-1"]
[WhiteElo "1311"]
[BlackElo "1834"]
[PlyCount "70"]
[EventDate "2019.03.03"]
[EventType "swiss"]
[EventRounds "9"]
[EventCountry "TUR"]
[SourceTitle "CBM 189 Extra"]
[Source "ChessBase"]
[SourceDate "2019.06.03"]
[SourceVersion "1"]
[SourceVersionDate "2019.06.03"]
[SourceQuality "1"]

1. d4 e6 2. Nf3 Nf6 3. g3 b5 4. Bg2 Bb7 5. 0-0 d5 6. c3 Nbd7 7. a4 a6 8. Nfd2 Be7 9. c4 bxc4 10. Nxc4 c6 11. Ncd2 c5 12. Nb3 0-0 13. Nc3 Rc8 14. e3 Ba8 15. f4 Rb8 16. dxc5 Nxc5 17. Nxc5 Bxc5 18. Qc2 Qb6 19. Nd1 Rfc8 20. Qe2 Bb4 21. Nf2 a5 22. Nd3 Rc4 23. Ne5 Rc7 24. Nf3 Bb7 25. Ne1 Ba6 26. Nd3 Nd7 27. Rd1 Nc5 28. Bf1 Nxd3 29. Rxd3 Rbc8 30. Qd1 Bxd3 31. Bxd3 Rxc1 32. Rxc1 Qxe3+ 33. Kg2 Rxc1 34. Qb3 Qg1+ 35. Kh3 Qd1 0-1

[Event "TUR-ch (Women)"]
[Site "Antalya"]
[Date "2019.03.03"]
[Round "1"]
[White "Catal, Uktenur"]
[Black "Kaya, Sanem"]
[Result "1-0"]
[WhiteElo "1834"]
[BlackElo "1201"]
[PlyCount "51"]
[EventDate "2019.03.03"]
[EventType "swiss"]
[EventRounds "9"]
[EventCountry "TUR"]
[SourceTitle "CBM 189 Extra"]
[Source "ChessBase"]
[SourceDate "2019.06.03"]
[SourceVersion "1"]
[SourceVersionDate "2019.06.03"]
[SourceQuality "1"]

1. d4 d5 2. c4 Nf6 3. Nc3 Nc6 4. cxd5 Nxd5 5. e4 Nxc3 6. bxc3 e6 7. Nf3 Be7 8. Bd3 Bd7 9. 0-0 a6 10. Bb2 Na7 11. c4 0-0 12. Qc2 h6 13. d5 exd5 14. exd5 c6 15. Bh7+ Kh8 16. Rad1 cxd5 17. Rxd5 Qc8 18. Rh5 f6 19. Nh4 Be8 20. Bg6 Kg8 21. Qe4 Bb4 22. a3 Bxg6 23. Nxg6 Re8 24. Qd5+ Kh7 25. Qd3 Qg4 26. Ne5+ 1-0

[Event "Wch U20 Girls 36th"]
[Site "Manavgat"]
[Date "2018.09.15"]
[Round "11"]
[White "Yang, Yijing"]
[Black "Catal, Uktenur"]
[Result "1-0"]
[WhiteElo "2018"]
[BlackElo "1809"]
[PlyCount "103"]
[EventDate "2018.09.05"]
[EventType "swiss"]
[EventRounds "11"]
[EventCountry "TUR"]
[SourceTitle "CBM 186 Extra"]
[Source "ChessBase"]
[SourceDate "2018.08.24"]
[SourceVersion "1"]
[SourceVersionDate "2018.08.24"]
[SourceQuality "1"]

1. d4 e6 2. c4 d5 3. Nf3 c5 4. cxd5 exd5 5. Nc3 Nc6 6. dxc5 d4 7. Na4 Bxc5 8. Nxc5 Qa5+ 9. Qd2 Qxc5 10. a3 a5 11. b4 Qc3 12. Qxc3 dxc3 13. b5 Nce7 14. e4 Nf6 15. Bd3 0-0 16. Be3 Ng6 17. Nd4 Re8 18. f3 Nd5 19. Kf2 Nxe3 20. Kxe3 Bd7 21. Rhc1 Rac8 22. a4 Rc7 23. Ra3 Rec8 24. Ne2 c2 25. Ra2 Kf8 26. Raxc2 Rxc2 27. Rxc2 Ke7 28. Rxc8 Bxc8 29. f4 Kd6 30. Kd4 Nh4 31. e5+ Kc7 32. Be4 Nf5+ 33. Kd3 Kb6 34. Nd4 Nxd4 35. Kxd4 Bg4 36. Bxh7 Bd1 37. Bg8 Bb3 38. Kc3 Bxa4 39. Bxf7 Kc5 40. Bc4 Bxb5 41. Bxb5 Kxb5 42. f5 Kc5 43. f6 gxf6 44. exf6 Kd6 45. g4 Ke6 46. g5 Kf7 47. h4 Kg6 48. h5+ Kf7 49. h6 Kg6 50. Kc4 a4 51. Kb4 b5 52. Ka3 1-0

[Event "Wch U20 Girls 36th"]
[Site "Manavgat"]
[Date "2018.09.07"]
[Round "4"]
[White "Catal, Uktenur"]
[Black "Esti, Kubra Selenay"]
[Result "1/2-1/2"]
[WhiteElo "1809"]
[BlackElo "1662"]
[PlyCount "39"]
[EventDate "2018.09.05"]
[EventType "swiss"]
[EventRounds "11"]
[EventCountry "TUR"]
[SourceTitle "CBM 186 Extra"]
[Source "ChessBase"]
[SourceDate "2018.08.24"]
[SourceVersion "1"]
[SourceVersionDate "2018.08.24"]
[SourceQuality "1"]

1. d4 g6 2. c4 Bg7 3. e4 d6 4. f4 Nc6 5. Be3 Nf6 6. d5 Ng4 7. Bc1 Nd4 8. Nc3 e5 9. g3 0-0 10. h3 Nh6 11. Bg2 f5 12. Nge2 Nxe2 13. Qxe2 fxe4 14. 0-0 Nf5 15. Nxe4 Nd4 16. Qd1 Nf5 17. Qe2 Nd4 18. Qd1 Nf5 19. Qe2 Nd4 20. Qd1 1/2-1/2

[Event "TUR-chT2"]
[Site "Konya"]
[Date "2018.07.14"]
[Round "8.2"]
[White "Aydemir, Sermin Naz"]
[Black "Catal, Uktenur"]
[Result "0-1"]
[WhiteElo "1436"]
[BlackElo "1737"]
[PlyCount "70"]
[EventDate "2018.07.10"]
[EventType "team-swiss"]
[EventRounds "9"]
[EventCountry "TUR"]
[SourceTitle "EXT 2019"]
[Source "ChessBase"]
[SourceDate "2018.10.10"]
[SourceVersion "1"]
[SourceVersionDate "2018.10.10"]
[SourceQuality "1"]
[WhiteTeam "Adana Ceyhan Belediye"]
[BlackTeam "Ceylanpinar Belediyesi"]
[WhiteTeamCountry "TUR"]
[BlackTeamCountry "TUR"]

1. e4 e6 2. d3 d5 3. Nd2 c5 4. Ngf3 Nc6 5. g3 g6 6. Bg2 Bg7 7. 0-0 Nge7 8. Re1 0-0 9. c3 Qc7 10. Qe2 b6 11. e5 Ba6 12. h4 f6 13. exf6 Rxf6 14. Nf1 e5 15. Qc2 Rd8 16. N1h2 Bc8 17. Bg5 Rff8 18. Rad1 h6 19. Bc1 Bf5 20. Qa4 Bd7 21. Qb3 Kh8 22. Qc2 Ng8 23. Qe2 Rde8 24. c4 e4 25. dxe4 dxe4 26. Nd2 Nd4 27. Qf1 e3 28. Ne4 Rxe4 29. Bxe4 exf2+ 30. Kg2 fxe1Q 31. Qxe1 Re8 32. Bf4 Qc8 33. Qe3 Bc6 34. Kg1 Rxe4 35. Qf2 Re2 0-1

[Event "TUR-chT2"]
[Site "Konya"]
[Date "2018.07.14"]
[Round "7.3"]
[White "Bicer, Sudenaz"]
[Black "Catal, Uktenur"]
[Result "0-1"]
[WhiteElo "1154"]
[BlackElo "1737"]
[PlyCount "92"]
[EventDate "2018.07.10"]
[EventType "team-swiss"]
[EventRounds "9"]
[EventCountry "TUR"]
[SourceTitle "EXT 2019"]
[Source "ChessBase"]
[SourceDate "2018.10.10"]
[SourceVersion "1"]
[SourceVersionDate "2018.10.10"]
[SourceQuality "1"]
[WhiteTeam "Sakarya Buyuksehir"]
[BlackTeam "Ceylanpinar Belediyesi"]
[WhiteTeamCountry "TUR"]
[BlackTeamCountry "TUR"]

1. e4 e6 2. d4 d5 3. exd5 exd5 4. c3 c5 5. Nf3 Nf6 6. Bg5 Be7 7. Nbd2 c4 8. Qc2 0-0 9. Be2 Nc6 10. 0-0 h6 11. Bh4 Bg4 12. Rfe1 Nd7 13. Bxe7 Nxe7 14. h3 Bf5 15. Qa4 a6 16. Qa3 Nc6 17. b3 cxb3 18. axb3 Nf6 19. Bf1 Ne4 20. Re3 Bh7 21. Nxe4 dxe4 22. Nd2 f5 23. Rae1 Kh8 24. f4 Ne7 25. Nc4 Nd5 26. Rg3 Nxf4 27. Ne5 b5 28. Nc6 Qc7 29. Qc5 Ne2+ 30. Rxe2 Qxg3 31. d5 Rf6 32. Re3 Qc7 33. Re2 Bg8 34. c4 bxc4 35. bxc4 Qd6 36. Qd4 Rc8 37. Qd2 Kh7 38. Qa5 Qc7 39. Qxa6 Bf7 40. Rb2 Rxc6 41. dxc6 Qxc6 42. Rb6 Qc5+ 43. Kh1 Bxc4 44. Bxc4 Qxc4 45. Qa7 Qc1+ 46. Kh2 Qf4+ 0-1

[Event "TUR-ch (Women)"]
[Site "Antalya"]
[Date "2018.03.09"]
[Round "7"]
[White "Catal, Uktenur"]
[Black "Kayis, Gulcan Sena"]
[Result "1-0"]
[WhiteElo "1572"]
[BlackElo "1419"]
[PlyCount "95"]
[EventDate "2018.03.05"]
[EventType "swiss"]
[EventRounds "9"]
[EventCountry "TUR"]
[SourceTitle "CBM 183 Extra"]
[Source "ChessBase"]
[SourceDate "2018.04.19"]
[SourceVersion "1"]
[SourceVersionDate "2018.04.19"]
[SourceQuality "1"]

1. d4 Nf6 2. c4 g6 3. Nc3 Bg7 4. e4 d6 5. f4 0-0 6. Nf3 Nfd7 7. Be2 e5 8. fxe5 dxe5 9. d5 a5 10. 0-0 Nc5 11. Be3 Nbd7 12. Qd2 Qe7 13. Rad1 Nf6 14. Bg5 Re8 15. Qc1 Bd7 16. d6 Qe6 17. Bxf6 Bxf6 18. dxc7 Kg7 19. Kh1 Rf8 20. Qe3 b6 21. Nd5 Be7 22. Ne1 Rac8 23. Nd3 Nxd3 24. Rxd3 Bc5 25. Qd2 Bc6 26. Rf6 Qe8 27. Rff3 Bxd5 28. Rxd5 Rxc7 29. Rh3 f6 30. a3 Bd4 31. Rf3 Qc8 32. Rf1 Rc5 33. h4 h6 34. Rc1 Rd8 35. b4 axb4 36. axb4 Rcxd5 37. cxd5 Qd7 38. Rc6 Qe7 39. h5 gxh5 40. Bxh5 Kh7 41. Qc1 Rd7 42. Qf1 Kg7 43. Qf5 Kh8 44. Rxf6 Ra7 45. Rxh6+ Kg8 46. Rg6+ Kh8 47. Qc8+ Kh7 48. Qg8# 1-0

[Event "TUR-ch (Women)"]
[Site "Antalya"]
[Date "2018.03.09"]
[Round "8"]
[White "Demirtas, Hafize"]
[Black "Catal, Uktenur"]
[Result "1/2-1/2"]
[WhiteElo "1802"]
[BlackElo "1572"]
[PlyCount "90"]
[EventDate "2018.03.05"]
[EventType "swiss"]
[EventRounds "9"]
[EventCountry "TUR"]
[SourceTitle "CBM 183 Extra"]
[Source "ChessBase"]
[SourceDate "2018.04.19"]
[SourceVersion "1"]
[SourceVersionDate "2018.04.19"]
[SourceQuality "1"]

1. d4 e6 2. Nf3 d5 3. c4 Nf6 4. e3 c5 5. cxd5 exd5 6. dxc5 Bxc5 7. Qc2 Bd6 8. Nc3 0-0 9. Be2 Nc6 10. a3 Be6 11. 0-0 Rc8 12. Bd2 Qe7 13. Qa4 Rfd8 14. Nb5 Bb8 15. Rac1 Ne4 16. Bc3 Nxc3 17. Rxc3 a6 18. Nbd4 Nxd4 19. Qxd4 Rxc3 20. Qxc3 Rc8 21. Qd4 h6 22. Rd1 Qc5 23. Kf1 Kf8 24. Ke1 Qa5+ 25. Kf1 Qc5 26. Ke1 Qa5+ 27. Kf1 Qc5 28. Qd3 Qc2 29. Nd4 Qxd3 30. Bxd3 Be5 31. Ke1 Bxd4 32. exd4 Ke7 33. Kd2 Kd6 34. Rc1 Rxc1 35. Kxc1 a5 36. Bb5 Bd7 37. Bxd7 Kxd7 38. a4 Kc6 39. Kd2 b5 40. b3 bxa4 41. bxa4 Kd6 42. Ke3 Ke6 43. Kf4 Kf6 44. g4 g5+ 45. Kg3 Ke6 1/2-1/2

[Event "TUR-ch (Women)"]
[Site "Antalya"]
[Date "2018.03.07"]
[Round "4"]
[White "Saglamer, Aysen"]
[Black "Catal, Uktenur"]
[Result "0-1"]
[WhiteElo "1517"]
[BlackElo "1572"]
[PlyCount "78"]
[EventDate "2018.03.05"]
[EventType "swiss"]
[EventRounds "9"]
[EventCountry "TUR"]
[SourceTitle "CBM 183 Extra"]
[Source "ChessBase"]
[SourceDate "2018.04.19"]
[SourceVersion "1"]
[SourceVersionDate "2018.04.19"]
[SourceQuality "1"]

1. e4 e6 2. d4 d5 3. e5 c5 4. c3 Nc6 5. Nf3 Qb6 6. a3 cxd4 7. cxd4 Nh6 8. Nc3 Nf5 9. Na4 Qd8 10. Be3 Be7 11. Bd3 0-0 12. Bxf5 exf5 13. 0-0 Kh8 14. Qd2 Na5 15. Qd3 g5 16. Bd2 Nc6 17. b4 Rg8 18. Ne1 f4 19. Nc2 Bf8 20. Rfe1 Ne7 21. Nc5 b6 22. Na4 Bf5 23. Qb3 f3 24. Ne3 fxg2 25. Kxg2 Be6 26. Nc3 Ng6 27. Nf1 Nh4+ 28. Kh1 Nf3 29. Re3 g4 30. Qc2 Qh4 31. Nd1 Nxd4 32. Qd3 Nf5 33. Re1 d4 34. Kg1 Qh3 35. Qxh3 gxh3+ 36. Ng3 Nh4 37. Re2 Nf3+ 38. Kh1 Bc4 39. Re4 Bd5 0-1

[Event "TUR-ch (Women)"]
[Site "Antalya"]
[Date "2018.03.05"]
[Round "1"]
[White "Kaya, Sanem"]
[Black "Catal, Uktenur"]
[Result "0-1"]
[WhiteElo "1180"]
[BlackElo "1572"]
[PlyCount "92"]
[EventDate "2018.03.05"]
[EventType "swiss"]
[EventRounds "9"]
[EventCountry "TUR"]
[SourceTitle "CBM 183 Extra"]
[Source "ChessBase"]
[SourceDate "2018.04.19"]
[SourceVersion "1"]
[SourceVersionDate "2018.04.19"]
[SourceQuality "1"]

1. e4 e6 2. Nc3 d5 3. exd5 exd5 4. d4 Nf6 5. Bg5 Be7 6. Nf3 0-0 7. Bd3 Bg4 8. 0-0 c6 9. Be2 Nbd7 10. Ne5 Bf5 11. Re1 Nxe5 12. dxe5 Ne4 13. Bxe7 Qxe7 14. Nxe4 dxe4 15. Bg4 Qxe5 16. Bxf5 Qxf5 17. Qd4 Rfe8 18. Rad1 h6 19. Qd7 Qb5 20. b3 Qb6 21. Re3 Red8 22. Qg4 f5 23. Rxd8+ Rxd8 24. Qe2 Qd4 25. g4 Qd1+ 26. Qxd1 Rxd1+ 27. Kg2 g6 28. gxf5 gxf5 29. Re2 Kf7 30. f3 Kf6 31. fxe4 fxe4 32. Kg3 Ke5 33. Kh4 Rf1 34. Kh5 Kf4 35. Kxh6 Kf3 36. Rd2 e3 37. Rd3 Rf2 38. h4 Rxc2 39. h5 Rd2 40. Rc3 Kf2 41. Rxe3 Kxe3 42. Kg7 Rxa2 43. h6 Rh2 44. h7 b5 45. h8Q Rxh8 46. Kxh8 a5 0-1

[Event "TUR Cup										"]
[Site "Antalya"]
[Date "2018.02.01"]
[Round "8"]
[White "Oz, Mesut"]
[Black "Catal, Uktenur"]
[Result "0-1"]
[WhiteElo "1444"]
[BlackElo "1696"]
[PlyCount "62"]
[EventDate "2018.01.27"]
[EventType "swiss"]
[EventRounds "11"]
[EventCountry "TUR"]
[SourceTitle "CBM 182 Extra"]
[Source "ChessBase"]
[SourceDate "2018.02.23"]
[SourceVersion "1"]
[SourceVersionDate "2018.02.23"]
[SourceQuality "1"]

1. d4 e6 2. Nf3 d5 3. Bf4 Nf6 4. e3 c5 5. c3 Nc6 6. h3 Bd6 7. Bxd6 Qxd6 8. Nbd2 0-0 9. Bd3 e5 10. dxe5 Nxe5 11. Nxe5 Qxe5 12. 0-0 Rd8 13. Re1 Qc7 14. Nf3 Bd7 15. Rc1 Bc6 16. Qc2 b5 17. b4 c4 18. Be2 a5 19. a3 axb4 20. axb4 Ra3 21. Nd2 Rda8 22. Rb1 Qe5 23. Rec1 Bd7 24. Nf3 Qe7 25. Qb2 Ra2 26. Ra1 Rxb2 27. Rxa8+ Be8 28. Nd4 g6 29. Bf3 Kg7 30. Rca1 Qe5 31. Rb8 Qxb8 0-1

[Event "TUR-chT 2nd League"]
[Site "Konya"]
[Date "2017.07.19"]
[Round "4.1"]
[White "Koc, Aylin"]
[Black "Catal, Uktenur"]
[Result "0-1"]
[WhiteElo "1550"]
[BlackElo "1613"]
[PlyCount "128"]
[EventDate "2017.07.17"]
[EventType "team-swiss"]
[EventRounds "9"]
[EventCountry "TUR"]
[SourceTitle "CBM 179 Extra"]
[Source "ChessBase"]
[SourceDate "2017.08.23"]
[SourceVersion "1"]
[SourceVersionDate "2017.08.23"]
[SourceQuality "1"]
[WhiteTeam "Istanbul Moda"]
[BlackTeam "Bulancak Ihsaniye Genclik"]
[WhiteTeamCountry "TUR"]
[BlackTeamCountry "TUR"]

1. e4 c5 2. Nf3 a6 3. a4 Qc7 4. d4 cxd4 5. Nxd4 Nf6 6. Nc3 e6 7. Qf3 Nc6 8. Nxc6 bxc6 9. Bc4 d5 10. exd5 cxd5 11. Bb3 Bb7 12. Bf4 Bd6 13. Bxd6 Qxd6 14. 0-0 0-0 15. Rfe1 Rfe8 16. Rad1 Rad8 17. a5 Qb4 18. Ba4 Rf8 19. Ra1 Qxa5 20. Bc6 Qc7 21. Bxb7 Qxb7 22. Qd3 Rd6 23. Ra2 Ra8 24. Rea1 e5 25. Na4 Rc6 26. Nc3 e4 27. Qd4 Rc4 28. Qe5 Re8 29. Qd6 Rc6 30. Qf4 d4 31. Nd1 Nd5 32. Qd2 Nb4 33. Qxd4 Nxc2 34. Qa4 Nxa1 35. Rxa1 Qb5 36. Qd4 h6 37. Ne3 Rec8 38. g3 Qd3 39. Qe5 Re6 40. Qf4 Qd6 41. Qh4 Qe5 42. Qg4 Qg5 43. Qe2 Rcc6 44. h4 Qb5 45. Qg4 Qxb2 46. Ra4 Qf6 47. Rxe4 Rxe4 48. Qxe4 Rc1+ 49. Kg2 Qe6 50. Qa8+ Rc8 51. Qf3 a5 52. Nf5 Re8 53. Ne3 Qe4 54. Qxe4 Rxe4 55. Kf3 Rd4 56. Ke2 Kf8 57. Nc2 Rd6 58. Ke3 a4 59. Na3 Ke7 60. Ke4 Rb6 61. Kd4 Rb4+ 62. Kc5 Rb3 63. Nc4 a3 64. Nd2 Rb2 0-1

[Event "TUR-chT 2nd League"]
[Site "Konya"]
[Date "2017.07.18"]
[Round "2.4"]
[White "Kaya, Sila"]
[Black "Catal, Uktenur"]
[Result "1/2-1/2"]
[WhiteElo "1261"]
[BlackElo "1613"]
[PlyCount "104"]
[EventDate "2017.07.17"]
[EventType "team-swiss"]
[EventRounds "9"]
[EventCountry "TUR"]
[SourceTitle "CBM 179 Extra"]
[Source "ChessBase"]
[SourceDate "2017.08.23"]
[SourceVersion "1"]
[SourceVersionDate "2017.08.23"]
[SourceQuality "1"]
[WhiteTeam "Istanbul Sisli"]
[BlackTeam "Bulancak Ihsaniye Genclik"]
[WhiteTeamCountry "TUR"]
[BlackTeamCountry "TUR"]

1. d4 Nf6 2. c4 e6 3. Nf3 Bb4+ 4. Bd2 a5 5. Bxb4 axb4 6. d5 Qe7 7. e3 0-0 8. a3 b6 9. Be2 exd5 10. cxd5 Bb7 11. Bc4 Qc5 12. Qd4 Bxd5 13. Qxc5 bxc5 14. Nbd2 Bxc4 15. Nxc4 d5 16. Nce5 Nbd7 17. 0-0 bxa3 18. bxa3 Nb6 19. Rfc1 c4 20. Nc6 Ne4 21. Rc2 Rfe8 22. Nfd4 Nd6 23. Kf1 Kf8 24. Ke2 Ra4 25. Kd2 Rea8 26. Rca2 Ne4+ 27. Kc2 Nd6 28. Kb2 Nd7 29. Kc2 Nc5 30. Nb4 Na6 31. Nxd5 c5 32. Nc6 Nb8 33. Ne5 f6 34. Nf3 Nd7 35. Nc7 R8a7 36. Nd5 Nb5 37. Kb2 Kf7 38. Nc3 Nxc3 39. Kxc3 Nb6 40. e4 Nc8 41. Nd2 Nd6 42. f3 Nb5+ 43. Kc2 Rd7 44. Rd1 Rxa3 45. Rxa3 Nxa3+ 46. Kb2 Nb5 47. Kc2 Rd4 48. Ra1 Rd3 49. Ra5 Nd4+ 50. Kc1 Rxd2 51. Kxd2 Nb3+ 52. Kc3 Nxa5 1/2-1/2

[Event "EU School-ch U15 Girls"]
[Site "Budva"]
[Date "2017.06.11"]
[Round "1"]
[White "Catal, Uktenur"]
[Black "Strukova, Ksenia"]
[Result "0-1"]
[WhiteElo "1654"]
[BlackElo "1788"]
[PlyCount "86"]
[EventDate "2017.06.11"]
[EventType "swiss"]
[EventRounds "9"]
[EventCountry "MNE"]
[SourceTitle "EXT 2024"]
[Source "ChessBase"]
[SourceDate "2023.10.10"]
[SourceVersion "1"]
[SourceVersionDate "2023.10.10"]
[SourceQuality "1"]

1. d4 Nf6 2. c4 g6 3. Nc3 Bg7 4. e4 d6 5. f4 0-0 6. Nf3 c5 7. d5 e6 8. Be2 exd5 9. cxd5 a6 10. a4 Re8 11. e5 dxe5 12. fxe5 Ng4 13. e6 fxe6 14. d6 Ne5 15. Ne4 Nbc6 16. 0-0 Rf8 17. Kh1 b6 18. Bg5 Qd7 19. Qb3 Nxf3 20. Bxf3 Rb8 21. Bg4 Rxf1+ 22. Rxf1 Nd4 23. Qh3 Nf5 24. Bf6 Bb7 25. Bxg7 Bxe4 26. Bc3 Qxd6 27. Bxf5 exf5 28. Qh6 Rb7 29. Qg5 Qe7 30. Qf4 Qc7 31. Qg5 Qe7 32. Qf4 b5 33. axb5 axb5 34. Ra1 Rd7 35. h3 b4 36. Be5 g5 37. Qg3 Rd3 38. Qh2 Rd2 39. Rg1 Qb7 40. Qg3 h6 41. Kh2 Qe7 42. Kh1 Kh7 43. Qh2 f4 0-1